[Event "WTCC-50 2018"]
[Site "Radebeul"]
[Date "2018.07.11"]
[Round "5"]
[White "Paehtz, Thomas"]
[Black "Schultz, Andreas"]
[Result "1-0"]
[WhiteElo "2347"]
[BlackElo "2211"]
[Annotator "NA"]
[PlyCount "81"]
[EventDate "2018.07.07"]
[EventType "team-tourn"]
[EventCountry "GER"]
[SourceTitle "playchess.com"]
[Source "ChessBase"]
[SourceQuality "1"]
[TimeControl "40/5400+30:1800+30"]

1. d4 {[%emt 0:00:00]} d5 {[%emt 0:00:00]} 2. Nf3 {[%emt 0:00:00]} Nf6 {[%emt 0:00:05]} 3. Bf4 {[%emt 0:04:12]} e6 {[%emt 0:00:11]} 4. e3 {[%emt 0:01:04]} Bd6 {[%emt 0:01:31]} 5. Nbd2 {[%emt 0:16:21]} O-O {[%emt 0:02:26]} 6. Bg3 {[%emt 0:08:59]} b6 {[%emt 0:02:48]} 7. c3 {[%emt 0:00:40]} Bb7 {[%emt 0:00:41]} 8. Bd3 {[%emt 0:04:15]} Ne4 {[%emt 0:00:27]} 9. Qc2 {[%emt 0:14:32]} f5 {[%emt 0:00:39]} 10. Ne5 {[%emt 0:01:22]} Nxd2 {[%emt 0:07:32]} 11. Qxd2 {[%emt 0:00:05]} Nd7 {[%emt 0:00:30]} 12. Nxd7 {[%emt 0:06:08]} Qxd7 {[%emt 0:02:20]} 13. O-O-O {[%emt 0:01:16]} Qa4 {[%emt 0:05:59]} 14. Kb1 {[%emt 0:03:14]} Ba6 {[%emt 0:00:17]} 15. Bc2 {[%emt 0:00:12]} Qd7 {[%emt 0:00:43]} 16. Be5 {[%emt 0:01:59]} Rad8 {[%emt 0:12:14]} 17. f4 {[%emt 0:02:38]} Qe7 {[%emt 0:06:31]} 18. Qf2 {[%emt 0:00:40]} Bxe5 {[%emt 0:10:15]} 19. dxe5 {[%emt 0:00:12]} Kh8 {[%emt 0:01:45]} 20. g4 {[%emt 0:00:40]} Bb7 {[%emt 0:06:09]} 21. Rhg1 {[%emt 0:00:56]} c5 {[%emt 0:00:35]} 22. gxf5 {[%emt 0:00:13]} exf5 {[%emt 0:00:10]} 23. Rg5 {[%emt 0:00:24]} Bc8 {[%emt 0:02:36]} 24. Rdg1 {[%emt 0:08:45]} Rf7 {[%emt 0:05:24]} 25. Rh5 {[%emt 0:06:02]} Rg8 {[%emt 0:01:43]} 26. Qg2 {[%emt 0:03:02]} g6 {[%emt 0:04:00]} 27. Rg5 {[%emt 0:00:15]} Be6 {[%emt 0:03:13]} 28. h4 {[%emt 0:00:26]} Rfg7 {[%emt 0:02:14]} 29. Bb3 {[%emt 0:03:09]} Qf7 {[%emt 0:07:18]} 30. Qe2 {[%emt 0:00:11]} h6 {[%emt 0:02:27]} 31. R5g2 {[%emt 0:00:12]} h5 {[%emt 0:00:10]} 32. Rd1 {[%emt 0:01:47]} c4 {[%emt 0:00:27]} 33. Bc2 {[%emt 0:00:20]} Kh7 {[%emt 0:01:50]} 34. Rg5 {[%emt 0:00:42]} b5 {[%emt 0:00:52]} 35. Rdg1 {[%emt 0:00:38]} a5 {[%emt 0:00:29]} 36. Qd2 {[%emt 0:00:23]} Rh8 {[%emt 0:03:26]} 37. Bd1 {[%emt 0:00:12]} Kg8 {[%emt 0:00:14]} 38. Bf3 {[%emt 0:00:14]} Kf8 {[%emt 0:03:33]} 39. Qd4 {[%emt 0:00:22]} Qa7 {[%emt 0:03:12]} 40. Qxa7 {[%emt 0:01:02]} Rxa7 {[%emt 0:00:03]} 41. Rxg6 {[%emt 0:30:13]} 1-0

[Event "WTCC-50 2018"]
[Site "Radebeul"]
[Date "2018.07.11"]
[Round "5"]
[White "Goh, Cheng Hong"]
[Black "Dietze, Frank"]
[Result "1/2-1/2"]
[WhiteElo "2323"]
[BlackElo "2203"]
[Annotator "NA"]
[PlyCount "30"]
[EventDate "2018.07.07"]
[EventType "team-tourn"]
[EventCountry "GER"]
[SourceTitle "playchess.com"]
[Source "ChessBase"]
[SourceQuality "1"]
[TimeControl "40/5400+30:1800+30"]

1. Nf3 {[%emt 0:00:00]} Nf6 {[%emt 0:00:00]} 2. g3 {[%emt 0:00:00]} g6 {[%emt 0:00:00]} 3. b3 {[%emt 0:01:01]} Bg7 {[%emt 0:00:18]} 4. Bb2 {[%emt 0:00:05]} O-O {[%emt 0:00:09]} 5. Bg2 {[%emt 0:00:06]} d6 {[%emt 0:02:36]} 6. O-O {[%emt 0:01:16]} e5 {[%emt 0:01:14]} 7. d3 {[%emt 0:00:34]} c6 {[%emt 0:01:35]} 8. c4 {[%emt 0:00:08]} Nbd7 {[%emt 0:00:20]} 9. Qc2 {[%emt 0:04:51]} Re8 {[%emt 0:01:18]} 10. Nbd2 {[%emt 0:01:24]} Nh5 {[%emt 0:05:25]} 11. e4 {[%emt 0:04:04]} Nf8 {[%emt 0:04:59]} 12. d4 {[%emt 0:10:03]} c5 {[%emt 0:00:09]} 13. dxc5 {[%emt 0:05:25]} dxc5 {[%emt 0:00:04]} 14. Nb1 {[%emt 0:00:15]} Ne6 {[%emt 0:01:48]} 15. Nc3 {[%emt 0:07:13]} Nd4 1/2-1/2

[Event "WTCC-50 2018"]
[Site "Radebeul"]
[Date "2018.07.11"]
[Round "5"]
[White "Wolf, Volker"]
[Black "Tolhuizen, Ludo"]
[Result "1-0"]
[WhiteElo "2323"]
[BlackElo "2118"]
[Annotator "NA"]
[PlyCount "129"]
[EventDate "2018.07.07"]
[EventType "team-tourn"]
[EventCountry "GER"]
[SourceTitle "playchess.com"]
[Source "ChessBase"]
[SourceQuality "1"]
[TimeControl "40/5400+30:1800+30"]

1. g3 {[%emt 0:00:00]} d5 {[%emt 0:02:47]} 2. Bg2 {[%emt 0:00:00]} Nf6 {[%emt 0:00:13]} 3. d3 {[%emt 0:00:00]} c5 {[%emt 0:00:11]} 4. f4 {[%emt 0:01:08]} Nc6 {[%emt 0:00:04]} 5. Nf3 {[%emt 0:00:12]} g6 {[%emt 0:05:36]} 6. O-O {[%emt 0:00:47]} Bg7 {[%emt 0:00:04]} 7. Nc3 {[%emt 0:02:42]} d4 {[%emt 0:02:32]} 8. Na4 {[%emt 0:01:06]} Nd7 {[%emt 0:00:20]} 9. c4 {[%emt 0:00:22]} Rb8 {[%emt 0:05:00] A03: Bird's Opening with 1...d5} (9... O-O 10. e4 dxe3 11. Bxe3 Nd4 12. Rb1 Rb8 13. b4 Nxf3+ 14. Bxf3 cxb4 15. Rxb4 b6 16. d4 Nf6 17. Nc3 {0-1 (32) Morozevich,A (2758)-Svidler,P (2684) ICC INT 1999 CBM 074 [Ftacnik,L]}) 10. a3 {[%emt 0:03:37]} a6 {[%emt 0:03:10]} 11. Qc2 {[%emt 0:01:23]} O-O {[%emt 0:03:15]} 12. Rb1 {[%emt 0:02:04]} Qc7 {[%emt 0:01:50]} 13. Bd2 {[%emt 0:05:41]} b6 {[%emt 0:03:19]} 14. b4 {[%emt 0:02:35]} Bb7 {[%emt 0:00:43]} 15. bxc5 {[%emt 0:29:19]} bxc5 {[%emt 0:01:18]} 16. e4 $146 {[%emt 0:01:36]} dxe3 {[%emt 0:07:10]} 17. Bxe3 {[%emt 0:00:02]} Nd4 {[%emt 0:00:36]} 18. Nxd4 {[%emt 0:01:57]} cxd4 {[%emt 0:03:03]} 19. Bd2 {[%emt 0:01:27]} Bxg2 {[%emt 0:00:55]} 20. Kxg2 {[%emt 0:00:09]} e5 {[%emt 0:04:03]} 21. Kg1 {[%emt 0:02:14]} Qc6 {[%emt 0:00:34]} 22. Rb4 {[%emt 0:05:47]} Rfe8 {[%emt 0:04:36]} 23. Rxb8 {[%emt 0:04:09]} Rxb8 {[%emt 0:00:16]} 24. fxe5 {[%emt 0:00:14]} Nxe5 {[%emt 0:00:24]} 25. Bf4 {[%emt 0:00:15]} Re8 {[%emt 0:00:51]} 26. Bxe5 {[%emt 0:00:12]} Rxe5 {[%emt 0:00:19]} 27. Nb2 {[%emt 0:11:24]} Bf8 {[%emt 0:17:29]} 28. a4 {[%emt 0:03:21]} Qe8 {[%emt 0:00:53]} 29. Nd1 {[%emt 0:09:10]} Re2 {[%emt 0:04:56]} 30. Qb3 {[%emt 0:00:46]} Bh6 {[%emt 0:01:13]} 31. c5 {[%emt 0:01:07]} Re6 {[%emt 0:07:45]} 32. h3 {[%emt 0:02:05]} Bf8 {[%emt 0:01:40]} 33. Nf2 {[%emt 0:01:17]} Bxc5 {[%emt 0:01:57]} 34. Ng4 {[%emt 0:01:16]} Kg7 {[%emt 0:03:46]} 35. Qc4 {[%emt 0:04:53]} Ba7 {[%emt 0:00:33]} 36. Qc1 {[%emt 0:01:33]} Qe7 {[%emt 0:07:05]} 37. Qh6+ {[%emt 0:01:07]} Kg8 {[%emt 0:00:20]} 38. Rc1 {[%emt 0:00:25]} Re1+ {[%emt 0:01:03]} 39. Rxe1 {[%emt 0:00:07]} Qxe1+ {[%emt 0:00:01]} 40. Kg2 {[%emt 0:00:17]} Qe2+ {[%emt 0:01:47]} 41. Kg1 {[%emt 0:30:34]} Qf3 {[%emt 0:33:49]} 42. Qf4 {[%emt 0:00:00]} Qxf4 {[%emt 0:00:00]} 43. gxf4 {[%emt 0:00:00]} f5 {[%emt 0:00:00]} 44. Nf6+ {[%emt 0:00:00]} Kf7 {[%emt 0:00:00]} 45. Nxh7 {[%emt 0:00:00]} Bb8 {[%emt 0:00:00]} 46. Ng5+ {[%emt 0:00:00]} Ke7 {[%emt 0:00:00]} 47. Nf3 {[%emt 0:00:00]} Bxf4 {[%emt 0:00:00]} 48. Kg2 {[%emt 0:00:00]} Be3 {[%emt 0:00:00]} 49. Ne5 {[%emt 0:00:00] [#]} g5 $1 {[%emt 0:00:00]} 50. Nc6+ {[%emt 0:00:00]} Kd6 {[%emt 0:00:00]} 51. Nb4 {[%emt 0:00:00]} Bc1 {[%emt 0:00:34]} 52. Kg3 {[%emt 0:00:00]} Ba3 $2 {[%emt 0:00:32]} 53. Nc2 $1 {[%emt 0:01:45]} Bb2 {[%emt 0:02:50]} 54. Nb4 {[%emt 0:02:28]} Ba3 {[%emt 0:01:45]} ({Better is} 54... Bc1 $17 55. h4 gxh4+ 56. Kxh4 Ba3) 55. Nc2 {[%emt 0:00:02]} Bb2 {[%emt 0:00:04]} 56. Nb4 {[%emt 0:00:04]} Ke6 {[%emt 0:00:42]} 57. Nxa6 {[%emt 0:00:07]} Ba3 {[%emt 0:00:38]} 58. Nc7+ {[%emt 0:01:09]} Ke5 {[%emt 0:00:16]} 59. a5 {[%emt 0:00:47]} Bc5 {[%emt 0:00:36]} 60. a6 {[%emt 0:00:59]} Kd6 {[%emt 0:02:33]} 61. a7 {[%emt 0:00:33]} Bxa7 {[%emt 0:00:05]} 62. Nb5+ {[%emt 0:00:01]} Kc6 {[%emt 0:00:15]} 63. Nxa7+ {[%emt 0:00:06]} Kc5 {[%emt 0:00:28]} 64. Nc8 {[%emt 0:00:51]} Kb4 {[%emt 0:00:35]} 65. Nd6 {[%emt 0:01:14]} 1-0

[Event "WTCC-50 2018"]
[Site "Radebeul"]
[Date "2018.07.11"]
[Round "5"]
[White "Wallner, Joachim"]
[Black "Jhunjhnuwala, Krishan"]
[Result "1-0"]
[WhiteElo "2311"]
[BlackElo "2340"]
[Annotator "NA"]
[PlyCount "59"]
[EventDate "2018.07.07"]
[EventType "team-tourn"]
[EventCountry "GER"]
[SourceTitle "playchess.com"]
[Source "ChessBase"]
[SourceQuality "1"]
[TimeControl "40/5400+30:1800+30"]

1. b3 {[%emt 0:00:00]} d5 {[%emt 0:00:00]} 2. Bb2 {[%emt 0:00:00]} c5 {[%emt 0:00:26]} 3. e3 {[%emt 0:00:00]} e6 {[%emt 0:01:00]} 4. Nf3 {[%emt 0:00:20]} Nf6 {[%emt 0:00:38]} 5. Be2 {[%emt 0:04:08]} Be7 {[%emt 0:00:22]} 6. O-O {[%emt 0:00:06]} Nc6 {[%emt 0:00:43]} 7. d4 {[%emt 0:00:29]} cxd4 {[%emt 0:02:39]} 8. exd4 {[%emt 0:02:07]} O-O {[%emt 0:00:39]} 9. Nbd2 {[%emt 0:00:41]} b6 {[%emt 0:05:02]} 10. Re1 {[%emt 0:08:11]} Bb7 {[%emt 0:01:40]} 11. Bf1 {[%emt 0:00:25]} Rc8 {[%emt 0:02:01]} 12. a3 {[%emt 0:03:45]} Qc7 {[%emt 0:03:58]} 13. Bd3 {[%emt 0:02:00]} Rfd8 {[%emt 0:11:02]} 14. Qe2 {[%emt 0:04:38]} Bd6 {[%emt 0:06:45]} 15. Ne5 {[%emt 0:02:33]} Ne7 {[%emt 0:10:40]} 16. Rac1 {[%emt 0:22:39]} Ng6 {[%emt 0:01:46]} 17. g3 {[%emt 0:00:17]} Qe7 {[%emt 0:03:57]} 18. Ra1 {[%emt 0:05:05]} Bb8 {[%emt 0:06:25]} 19. f4 {[%emt 0:05:39]} Ne8 {[%emt 0:06:42]} 20. Ndf3 {[%emt 0:02:29]} Nd6 {[%emt 0:03:53]} 21. Nxg6 {[%emt 0:05:47]} hxg6 {[%emt 0:00:35]} 22. Ng5 {[%emt 0:00:04]} Re8 {[%emt 0:07:44]} 23. Qg4 {[%emt 0:03:32]} f6 {[%emt 0:02:32]} 24. Rxe6 {[%emt 0:03:13]} Qc7 {[%emt 0:06:57]} 25. Bxg6 {[%emt 0:02:12]} fxg5 {[%emt 0:00:45]} 26. fxg5 {[%emt 0:02:05]} Nf7 {[%emt 0:05:20]} 27. Rf1 {[%emt 0:01:08]} Rxe6 {[%emt 0:00:52]} 28. Qxe6 {[%emt 0:02:24]} Rf8 {[%emt 0:00:20]} 29. Bxf7+ {[%emt 0:00:42]} Rxf7 {[%emt 0:00:46]} 30. g6 {[%emt 0:00:05]} 1-0

[Event "WTCC-50 2018"]
[Site "Radebeul"]
[Date "2018.07.11"]
[Round "5"]
[White "Fritsche, Lutz"]
[Black "Welling, Gerard"]
[Result "1-0"]
[WhiteElo "2303"]
[BlackElo "2317"]
[Annotator "NA"]
[PlyCount "33"]
[EventDate "2018.07.07"]
[EventType "team-tourn"]
[EventCountry "GER"]
[SourceTitle "playchess.com"]
[Source "ChessBase"]
[SourceQuality "1"]
[TimeControl "40/5400+30:1800+30"]

1. e4 {[%emt 0:00:00]} d6 {[%emt 0:00:08]} 2. d4 {[%emt 0:00:00]} Nf6 {[%emt 0:00:04]} 3. Nc3 {[%emt 0:00:48]} e5 {[%emt 0:00:05]} 4. dxe5 {[%emt 0:06:43]} dxe5 {[%emt 0:00:04]} 5. Qxd8+ {[%emt 0:00:17]} Kxd8 {[%emt 0:00:05]} 6. f4 {[%emt 0:00:08]} Bb4 {[%emt 0:01:01]} 7. Bd3 {[%emt 0:00:48]} exf4 {[%emt 0:10:50]} 8. Bxf4 {[%emt 0:01:06]} Be6 {[%emt 0:00:54]} 9. O-O-O {[%emt 0:03:57]} Bxc3 {[%emt 0:08:18]} 10. bxc3 {[%emt 0:00:07]} Nbd7 {[%emt 0:00:04]} 11. Nf3 {[%emt 0:00:15]} Ng4 {[%emt 0:06:15]} 12. Rd2 {[%emt 0:01:01]} h6 {[%emt 0:06:53]} 13. Rhd1 {[%emt 0:12:43]} Kc8 {[%emt 0:02:19]} 14. h3 {[%emt 0:15:47]} g5 {[%emt 0:11:20]} 15. Bg3 {[%emt 0:02:24]} Ne3 {[%emt 0:02:34]} 16. Re1 {[%emt 0:00:15]} Nc4 {[%emt 0:00:06]} 17. Bxc4 {[%emt 0:00:34]} 1-0

[Event "WTCC-50 2018"]
[Site "Radebeul"]
[Date "2018.07.11"]
[Round "5"]
[White "Druckenthaner, Andreas"]
[Black "Jhunjhnuwala, Ramesh"]
[Result "1-0"]
[WhiteElo "2296"]
[BlackElo "2260"]
[Annotator "NA"]
[PlyCount "101"]
[EventDate "2018.07.07"]
[EventType "team-tourn"]
[EventCountry "GER"]
[SourceTitle "playchess.com"]
[Source "ChessBase"]
[SourceQuality "1"]
[TimeControl "40/5400+30:1800+30"]

1. e4 {[%emt 0:00:00]} c5 {[%emt 0:00:00]} 2. Nf3 {[%emt 0:00:00]} e6 {[%emt 0:00:00]} 3. g3 {[%emt 0:00:00]} d6 {[%emt 0:00:34]} 4. Bg2 {[%emt 0:00:00]} Nf6 {[%emt 0:00:07]} 5. Nc3 {[%emt 0:00:07]} Be7 {[%emt 0:00:17]} 6. O-O {[%emt 0:00:09]} O-O {[%emt 0:00:14]} 7. d3 {[%emt 0:00:10]} Nc6 {[%emt 0:01:01]} 8. h3 {[%emt 0:01:53]} Rb8 {[%emt 0:06:02] B50: Sicilian: 2...d6, Miscellaneous} 9. Bf4 {[%emt 0:15:11]} (9. a4 b6 10. d4 cxd4 11. Nxd4 Nxd4 12. Qxd4 a6 13. Be3 Qc7 14. Qd3 Nd7 15. Rad1 Bb7 16. Bf4 {0-1 (32) Mozharov,M (2508)-Morozevich,A (2739) Moscow 2013}) 9... b5 {[%emt 0:10:59]} 10. e5 {[%emt 0:04:28]} dxe5 {[%emt 0:02:13]} 11. Nxe5 {[%emt 0:03:52]} Nxe5 {[%emt 0:00:11]} 12. Bxe5 {[%emt 0:00:07]} Bd6 {[%emt 0:00:24]} 13. d4 $146 {[%emt 0:11:45]} ({Predecessor:} 13. Bxd6 Qxd6 14. Ne4 Nxe4 15. dxe4 Qe5 16. c3 {½-½ (40) Cao,S (2492)-Chu,W (2243) Ho Chi Minh City 2013}) 13... b4 {[%emt 0:17:55]} 14. Ne2 {[%emt 0:13:46]} Bb7 {[%emt 0:02:33]} 15. Nf4 {[%emt 0:00:51]} Bxg2 {[%emt 0:01:56]} 16. Kxg2 {[%emt 0:01:22]} cxd4 {[%emt 0:07:08]} 17. Qxd4 {[%emt 0:00:34]} Bxe5 {[%emt 0:00:16]} 18. Qxe5 {[%emt 0:00:09]} Qc8 {[%emt 0:01:28]} 19. Qe2 {[%emt 0:11:27]} Qc6+ {[%emt 0:03:10]} 20. Kg1 {[%emt 0:01:15]} Rbc8 {[%emt 0:02:55]} 21. Rfc1 {[%emt 0:02:39]} Rfd8 {[%emt 0:03:56]} 22. c3 {[%emt 0:06:26]} bxc3 {[%emt 0:03:23]} 23. Rxc3 {[%emt 0:00:23]} Qb7 {[%emt 0:00:51]} 24. Rd1 {[%emt 0:02:53]} h6 {[%emt 0:04:33]} 25. Rxc8 {[%emt 0:06:55]} Qxc8 {[%emt 0:03:12]} 26. Rxd8+ {[%emt 0:00:19]} Qxd8 {[%emt 0:00:06]} 27. Qd3 {[%emt 0:03:04]} Qa5 {[%emt 0:01:18]} 28. a3 {[%emt 0:00:50]} Qe1+ {[%emt 0:01:13]} 29. Qf1 {[%emt 0:01:50]} Qd2 {[%emt 0:00:55]} 30. Qe2 {[%emt 0:00:16]} Qc1+ {[%emt 0:00:16]} 31. Kh2 {[%emt 0:01:09]} Qc7 {[%emt 0:04:17]} 32. b4 {[%emt 0:02:49]} e5 {[%emt 0:08:43]} 33. Nd3 {[%emt 0:02:13]} e4 {[%emt 0:00:19]} 34. Nc5 {[%emt 0:00:42]} Qe5 {[%emt 0:00:49]} 35. Qe3 {[%emt 0:00:41]} h5 {[%emt 0:00:57]} 36. a4 {[%emt 0:02:33]} h4 {[%emt 0:02:14]} 37. Kg2 {[%emt 0:02:20]} hxg3 {[%emt 0:01:23]} 38. Qxg3 {[%emt 0:00:06]} Qb2 {[%emt 0:00:57]} 39. Qb8+ {[%emt 0:02:12]} Kh7 {[%emt 0:00:04]} 40. Qxa7 {[%emt 0:01:39]} Qe2 {[%emt 0:07:55]} 41. Qb8 {[%emt 0:13:44]} Qf3+ {[%emt 0:01:37]} 42. Kg1 {[%emt 0:00:07]} Nh5 {[%emt 0:16:41] [#]} 43. Qe5 $1 {[%emt 0:06:49]} f5 {[%emt 0:03:31]} 44. Ne6 {[%emt 0:00:11]} Kh6 {[%emt 0:02:01]} 45. Nd4 {[%emt 0:01:11]} Qd1+ {[%emt 0:00:50]} 46. Kg2 {[%emt 0:01:14]} g5 {[%emt 0:03:07]} (46... Qxa4 $142 47. b5 Qa7 48. Nxf5+ Kh7) 47. Qe6+ {[%emt 0:03:28]} Kg7 {[%emt 0:01:01]} 48. Nxf5+ {[%emt 0:01:13]} Kh7 {[%emt 0:03:20]} 49. Qh6+ {[%emt 0:00:07]} Kg8 {[%emt 0:00:07]} 50. Qxg5+ {[%emt 0:00:04]} Kh7 {[%emt 0:00:48]} 51. Qg4 {[%emt 0:00:20]} 1-0

[Event "WTCC-50 2018"]
[Site "Radebeul"]
[Date "2018.07.11"]
[Round "5"]
[White "Weitzer, Steffen"]
[Black "Enders, Peter"]
[Result "0-1"]
[WhiteElo "2288"]
[BlackElo "2445"]
[Annotator "NA"]
[PlyCount "99"]
[EventDate "2018.07.07"]
[EventType "team-tourn"]
[EventCountry "GER"]
[SourceTitle "playchess.com"]
[Source "ChessBase"]
[SourceQuality "1"]
[TimeControl "40/5400+30:1800+30"]

1. d4 {[%emt 0:00:00]} Nf6 {[%emt 0:00:00]} 2. Nf3 {[%emt 0:00:00]} g6 {[%emt 0:00:00]} 3. Bf4 {[%emt 0:00:00]} Bg7 {[%emt 0:00:00]} 4. e3 {[%emt 0:00:09]} d6 {[%emt 0:00:00]} 5. h3 {[%emt 0:00:04]} O-O {[%emt 0:00:09]} 6. c3 $11 {[%emt 0:00:05] LiveBook: 485 Partien} Nbd7 {[%emt 0:00:29]} 7. Bc4 {[%emt 0:00:07]} b6 {[%emt 0:01:00]} 8. a4 {[%emt 0:04:42]} a6 {[%emt 0:00:35]} 9. O-O {[%emt 0:00:08]} Bb7 {[%emt 0:00:08]} 10. Re1 {[%emt 0:00:07]} Qe8 {[%emt 0:05:21]} 11. Na3 {[%emt 0:05:53]} e5 {[%emt 0:00:10]} 12. Bh2 {[%emt 0:00:04]} Kh8 {[%emt 0:01:55]} 13. Bf1 {[%emt 0:02:10]} Qe7 {[%emt 0:07:09]} 14. Nc4 {[%emt 0:00:54]} e4 {[%emt 0:01:54]} 15. Nfd2 {[%emt 0:00:11]} Ne8 {[%emt 0:00:53]} 16. Be2 {[%emt 0:03:12]} f5 {[%emt 0:02:04]} 17. f4 {[%emt 0:09:40]} Nef6 {[%emt 0:00:41]} 18. Kh1 {[%emt 0:01:58]} Nd5 {[%emt 0:02:00]} 19. Bf1 {[%emt 0:04:58]} Rae8 {[%emt 0:03:48]} 20. Qe2 {[%emt 0:01:53]} N7f6 {[%emt 0:01:23]} 21. g3 {[%emt 0:01:20]} Bh6 {[%emt 0:02:50]} 22. Bg2 {[%emt 0:02:19]} g5 {[%emt 0:06:57]} 23. Rg1 {[%emt 0:08:42]} Rg8 {[%emt 0:05:23]} 24. Raf1 {[%emt 0:06:24]} Bc8 {[%emt 0:00:15]} 25. Rf2 {[%emt 0:00:19]} Rg7 {[%emt 0:03:12]} 26. Na3 {[%emt 0:02:59]} gxf4 {[%emt 0:04:27]} 27. gxf4 {[%emt 0:01:09]} Qd7 {[%emt 0:00:20]} 28. a5 {[%emt 0:04:32]} bxa5 {[%emt 0:00:12]} 29. Ndc4 {[%emt 0:01:40]} a4 {[%emt 0:00:58]} 30. Bf1 {[%emt 0:01:21]} Reg8 {[%emt 0:05:03]} 31. Rfg2 {[%emt 0:03:47]} Qe8 {[%emt 0:04:51]} 32. Rxg7 {[%emt 0:02:47]} Rxg7 {[%emt 0:00:08]} 33. Rxg7 {[%emt 0:01:42]} Bxg7 {[%emt 0:00:07]} 34. Qd1 {[%emt 0:09:58]} Ng8 {[%emt 0:02:12]} 35. Bg3 {[%emt 0:04:04]} Bf6 {[%emt 0:00:20]} 36. Be2 {[%emt 0:00:41]} Be6 {[%emt 0:00:50]} 37. Bf2 {[%emt 0:00:46]} Bf7 {[%emt 0:01:49]} 38. Kh2 {[%emt 0:04:10]} Nge7 {[%emt 0:02:16]} 39. Nd2 {[%emt 0:03:57]} Ng6 {[%emt 0:01:49]} 40. Nf1 {[%emt 0:02:48]} Qc6 {[%emt 0:09:07]} 41. Ng3 {[%emt 0:32:40]} Nh4 {[%emt 0:32:30]} 42. Nh5 {[%emt 0:01:46]} Be7 {[%emt 0:00:20]} 43. Qe1 {[%emt 0:01:14]} Nf3+ {[%emt 0:00:30]} 44. Bxf3 {[%emt 0:00:13]} exf3 {[%emt 0:00:08]} 45. Ng3 {[%emt 0:00:53]} Qb7 {[%emt 0:05:44]} 46. e4 {[%emt 0:00:52]} fxe4 {[%emt 0:01:46]} 47. c4 {[%emt 0:00:36]} Nxf4 {[%emt 0:04:02]} 48. Nf5 {[%emt 0:00:37]} Qxb2 {[%emt 0:02:51]} 49. Qg1 {[%emt 0:00:42]} Bf6 {[%emt 0:00:50]} 50. Kh1 {[%emt 0:00:02]} 0-1

[Event "WTCC-50 2018"]
[Site "Radebeul"]
[Date "2018.07.11"]
[Round "5"]
[White "Plotkin, Victor"]
[Black "Schmidt, Reiner"]
[Result "1-0"]
[WhiteElo "2248"]
[BlackElo "2185"]
[Annotator "NA"]
[PlyCount "80"]
[EventDate "2018.07.07"]
[EventType "team-tourn"]
[EventCountry "GER"]
[SourceTitle "playchess.com"]
[Source "ChessBase"]
[SourceQuality "1"]
[TimeControl "40/5400+30:1800+30"]

1. e4 {[%emt 0:00:00]} e6 {[%emt 0:00:00]} 2. d4 {[%emt 0:00:00]} d5 {[%emt 0:00:00]} 3. Nc3 {[%emt 0:00:14]} Bb4 {[%emt 0:00:26]} 4. exd5 {[%emt 0:02:31]} exd5 {[%emt 0:00:06]} 5. Bd3 {[%emt 0:00:15]} Nc6 {[%emt 0:00:31]} 6. Nge2 {[%emt 0:01:50]} Bg4 {[%emt 0:02:02]} 7. a3 {[%emt 0:03:22]} Ba5 {[%emt 0:02:55]} 8. b4 {[%emt 0:06:33]} Bb6 {[%emt 0:00:06]} 9. Bb5 {[%emt 0:02:05]} Nge7 {[%emt 0:01:20]} 10. Bg5 {[%emt 0:04:49]} f6 {[%emt 0:01:02]} 11. Be3 {[%emt 0:03:19]} O-O {[%emt 0:03:14]} 12. f3 {[%emt 0:03:07]} Bh5 {[%emt 0:03:23]} 13. Bf2 {[%emt 0:09:59]} a5 {[%emt 0:17:38]} 14. Rb1 {[%emt 0:05:45]} axb4 {[%emt 0:01:07]} 15. axb4 {[%emt 0:00:11]} Na7 {[%emt 0:00:40]} 16. Bd3 {[%emt 0:01:19]} Nac8 {[%emt 0:00:26]} 17. O-O {[%emt 0:01:43]} Nd6 {[%emt 0:02:34]} 18. Nf4 {[%emt 0:04:17]} Bf7 {[%emt 0:00:36]} 19. Re1 {[%emt 0:04:25]} Ra3 {[%emt 0:19:59]} 20. Qd2 {[%emt 0:03:35]} Qd7 {[%emt 0:02:18]} 21. Ra1 {[%emt 0:03:53]} Rfa8 {[%emt 0:00:42]} 22. Rxa3 {[%emt 0:00:07]} Rxa3 {[%emt 0:00:04]} 23. Nce2 {[%emt 0:08:27]} g5 {[%emt 0:09:19]} 24. Nh3 {[%emt 0:00:24]} Bg6 {[%emt 0:00:04]} 25. Nc1 {[%emt 0:02:54]} Nc4 {[%emt 0:05:51]} 26. Qe2 {[%emt 0:02:48]} Nc6 {[%emt 0:00:54]} 27. Bxc4 {[%emt 0:07:43]} dxc4 {[%emt 0:00:19]} 28. Qxc4+ {[%emt 0:00:34]} Bf7 {[%emt 0:00:30]} 29. Qb5 {[%emt 0:00:46]} Bxd4 {[%emt 0:02:03]} 30. Rd1 {[%emt 0:02:37]} Bxf2+ {[%emt 0:08:43]} 31. Nxf2 {[%emt 0:00:02]} Qe7 {[%emt 0:00:06]} 32. Ne4 {[%emt 0:06:09]} Kg7 {[%emt 0:02:57]} 33. c3 {[%emt 0:04:41]} Ra1 {[%emt 0:03:51]} 34. Kf2 {[%emt 0:03:19]} Ne5 {[%emt 0:01:11]} 35. Qe2 {[%emt 0:01:12]} Bc4 {[%emt 0:03:35]} 36. Qe3 {[%emt 0:00:05]} f5 {[%emt 0:01:41]} 37. Nxg5 {[%emt 0:02:10]} Nd3+ {[%emt 0:05:19]} 38. Rxd3 {[%emt 0:00:22]} Qxe3+ {[%emt 0:00:08]} 39. Rxe3 {[%emt 0:00:09]} Rxc1 {[%emt 0:00:05]} 40. Re7+ {[%emt 0:01:25]} Kf6 {[%emt 0:00:00]} 1-0